| 000 | 00503cam a22001575a 4500 | ||
|---|---|---|---|
| 001 | J100916 | ||
| 008 | 000000s1927 xxk 000 0 eng u | ||
| 035 | _a(Sirsi) u100916 | ||
| 110 |
_aAuctioneers' and Estate Agents' Institute of the United Kingdom _93789 |
||
| 245 | _aNotes for estate agents on the new valuation under the Rating and Valuation Act. Lincolnshire branch November 1927. | ||
| 260 | _c1927 | ||
| 300 | _a19p. | ||
| 651 | 4 |
_aUnited Kingdom _y |
|
| 690 |
_aValuation _96273 |
||
| 942 | _n0 | ||
| 999 |
_c99920 _d99920 |
||